[Event "Reykjavik Open 2024"]
[Site "Reykjavik ISL"]
[Date "2024.03.16"]
[Round "2.14"]
[White "Xu, Yuanyuan"]
[Black "Yilmazyerli, Mert"]
[Result "1/2-1/2"]
[WhiteTitle "WGM"]
[BlackTitle "GM"]
[WhiteElo "2288"]
[BlackElo "2526"]
[WhiteFideId "8601089"]
[BlackFideId "6305962"]
[EventDate "2024.03.15"]

1. d4 Nf6 2. c4 e6 3. Nc3 Bb4 4. Qc2 d5 5. Bg5 dxc4 6. e3 b5 7. a4 c6 8. Be2 Bb7
9. Bf3 a6 10. Ne2 Nbd7 11. O-O O-O 12. axb5 axb5 13. Nxb5 cxb5 14. Bxb7 Rxa1 15.
Rxa1 Qc7 16. Bf3 Bd6 1/2-1/2

[Event "Reykjavik Open 2024"]
[Site "Reykjavik ISL"]
[Date "2024.03.16"]
[Round "2.15"]
[White "Soderstrom, Adrian"]
[Black "Gokerkan, Cem Kaan"]
[Result "1/2-1/2"]
[WhiteTitle "FM"]
[BlackTitle "GM"]
[WhiteElo "2288"]
[BlackElo "2523"]
[WhiteFideId "1745786"]
[BlackFideId "6336760"]
[EventDate "2024.03.15"]

1. e4 c5 2. Nf3 Nc6 3. d4 cxd4 4. Nxd4 Nf6 5. Nc3 e6 6. Nxc6 bxc6 7. e5 Nd5 8.
Ne4 Bb7 9. c4 Nb4 10. Be2 c5 11. Bf3 Qb8 12. Bf4 Nc6 13. O-O Nxe5 14. Re1 Be7
15. Bh5 O-O 16. Nxc5 Bxc5 17. Bxe5 d6 18. Bc3 a5 19. Qd2 Qc7 20. Bxg7 Kxg7 21.
Qg5+ 1/2-1/2

[Event "Reykjavik Open 2024"]
[Site "Reykjavik ISL"]
[Date "2024.03.16"]
[Round "2.16"]
[White "Prraneeth, Vuppala"]
[Black "Unzicker, Ferdinand"]
[Result "1/2-1/2"]
[WhiteTitle "GM"]
[BlackTitle "FM"]
[WhiteElo "2506"]
[BlackElo "2284"]
[WhiteFideId "46622373"]
[BlackFideId "4619196"]
[EventDate "2024.03.15"]

1. e4 c5 2. Nf3 d6 3. d4 cxd4 4. Nxd4 Nf6 5. Nc3 Nc6 6. Bg5 e6 7. Qd2 a6 8.
O-O-O Bd7 9. Kb1 b5 10. Nxc6 Bxc6 11. f3 Be7 12. Bd3 d5 13. Bxf6 Bxf6 14. exd5
Bxd5 15. Nxd5 Qxd5 16. Qb4 Rc8 17. Qa3 Qe5 18. Rhe1 Qc7 19. Be4 a5 20. Qd3 b4
21. f4 Ke7 22. g4 Rhd8 23. Qe3 Rxd1+ 24. Rxd1 g6 25. Bd3 Qc5 1/2-1/2

[Event "Reykjavik Open 2024"]
[Site "Reykjavik ISL"]
[Date "2024.03.16"]
[Round "2.17"]
[White "Mohamed, Anees M"]
[Black "Suleymenov, Alisher"]
[Result "1/2-1/2"]
[WhiteTitle "FM"]
[BlackTitle "GM"]
[WhiteElo "2271"]
[BlackElo "2506"]
[WhiteFideId "35065815"]
[BlackFideId "13707833"]
[EventDate "2024.03.15"]

1. d4 d5 2. c4 e6 3. Nf3 Nf6 4. g3 dxc4 5. Qa4+ Nbd7 6. Qxc4 a6 7. Bg2 b5 8. Qc2
Bb7 9. O-O c5 10. dxc5 Bxc5 11. a3 Rc8 12. Nc3 O-O 13. Bd2 a5 14. b4 axb4 15.
axb4 Bxb4 16. Qb2 Bxf3 17. Qxb4 Bxg2 18. Kxg2 Rb8 19. Rfd1 Qc8 20. Rab1 Qc4 21.
Be1 Ne5 22. Rd4 Qc8 23. Rd6 Nc4 24. Rd4 e5 25. Rdd1 Qf5 26. Qb3 Ng4 27. Kg1 Qh5
28. h4 Nf6 29. Rbc1 e4 30. Rc2 Qf5 31. Kg2 Ng4 32. Nd5 Qe6 33. Qb4 Rfd8 34. Nf4
Qc6 35. Rxd8+ Rxd8 36. Ra2 h6 37. Ra7 Rd7 38. Ra1 Kh7 39. Qf8 Qd6 40. Qc8 Qc7
41. Qf8 Rd8 42. Qb4 Rb8 43. Bc3 Qd7 44. e3 Re8 45. Bd4 Qf5 46. Ra7 Rb8 47. Rc7
g5 48. Qc5 Nce5 49. Bxe5 Nxe5 50. Re7 gxf4 51. Rxe5 Qg4 52. exf4 Qf3+ 53. Kh2
Rd8 54. Qe3 Qxe3 55. fxe3 Rb8 56. Rxe4 b4 57. Rd4 b3 58. Rd1 b2 59. Rb1 f5 60.
h5 Kg7 61. g4 Kf6 62. Kg3 Rb7 63. Kh4 Rb3 64. g5+ Kg7 65. e4 fxe4 66. Kg4 Rb5
67. gxh6+ Kxh6 68. f5 Rb3 69. f6 Rb4 70. Kf4 Kh7 71. Ke3 Kh6 72. Kf4 Kh7 73. Ke3 1/2-1/2

[Event "Reykjavik Open 2024"]
[Site "Reykjavik ISL"]
[Date "2024.03.16"]
[Round "2.18"]
[White "Pourkashiyan, Atousa"]
[Black "Balakrishnan, Praveen"]
[Result "0-1"]
[WhiteTitle "WGM"]
[BlackTitle "GM"]
[WhiteElo "2270"]
[BlackElo "2490"]
[WhiteFideId "12502014"]
[BlackFideId "2064871"]
[EventDate "2024.03.15"]

1. e4 e6 2. d4 d5 3. Nd2 Nf6 4. e5 Nfd7 5. c3 c5 6. Bd3 Nc6 7. Ne2 cxd4 8. cxd4
f6 9. exf6 Nxf6 10. Nf3 Bd6 11. O-O O-O 12. Bf4 Bxf4 13. Nxf4 Ng4 14. Ne2 e5 15.
dxe5 Rxf3 16. gxf3 Ngxe5 17. Kh1 Qf6 18. Ng1 Be6 19. Re1 Rd8 20. Qe2 a6 21. b4
d4 22. Be4 d3 23. Qe3 Nxb4 24. Bxb7 Nc2 25. Qxe5 Qxe5 26. Rxe5 Nxa1 27. Bxa6 d2
28. Be2 Bxa2 29. Ra5 Re8 30. Rxa2 Rxe2 31. Rxa1 Re1 32. Ra8+ Kf7 33. Rd8 d1=Q
34. Rxd1 Rxd1 35. Kg2 Rd2 36. f4 Kf6 37. Nf3 Rd3 38. Ne1 Rc3 39. f3 Ke6 40. Kg3
Kd5 41. Ng2 Kd4 42. Nh4 Kd3 43. f5 Ke2 44. Kg4 Kf2 45. f4 Rc6 46. Kg5 Ke3 47.
Kg4 Ke4 48. Kg3 Rc1 49. h3 Ra1 50. Ng2 Kxf5 51. Kf3 Rf1+ 52. Kg3 Ke4 53. Kg4 g6
54. Kg3 Rf3+ 55. Kh2 Rc3 56. h4 Kf3 57. Kh3 Rc1 0-1

[Event "Reykjavik Open 2024"]
[Site "Reykjavik ISL"]
[Date "2024.03.16"]
[Round "2.19"]
[White "Gislason, Gudmundur"]
[Black "Steingrimsson, Hedinn"]
[Result "0-1"]
[WhiteTitle "FM"]
[BlackTitle "GM"]
[WhiteElo "2266"]
[BlackElo "2477"]
[WhiteFideId "2300559"]
[BlackFideId "2300117"]
[EventDate "2024.03.15"]

1. Nf3 c5 2. c4 Nc6 3. d4 cxd4 4. Nxd4 Nf6 5. Nc3 e6 6. e3 Bb4 7. Nb5 Ne4 8. Qg4
Nxc3 9. bxc3 Qf6 10. Rb1 Bxc3+ 11. Kd1 h5 12. Qg3 Be5 13. f4 Bb8 14. Ba3 e5 15.
Qe1 d6 16. Qd2 O-O 17. Kc1 exf4 18. exf4 Rd8 19. g3 Bf5 20. Bd3 d5 21. c5 b6 22.
Rd1 Bg4 23. Re1 a6 24. Nc3 bxc5 25. Bc2 Ba7 26. Nxd5 Qd6 27. Qd3 g6 28. Ne7+
Nxe7 29. Qxd6 Rxd6 30. Rxe7 Bb6 31. Rb7 Ba5 32. Bxc5 Bd2+ 33. Kb2 Rd5 34. Bb4
Bxb4 35. Rxb4 Rd2 36. Kc3 Rxh2 37. Rb8+ Rxb8 38. Rxb8+ Kg7 39. Ra8 Rh3 40. Rxa6
h4 0-1

[Event "Reykjavik Open 2024"]
[Site "Reykjavik ISL"]
[Date "2024.03.16"]
[Round "2.20"]
[White "Zhu, Jiner"]
[Black "Large, Peter G"]
[Result "0-1"]
[WhiteTitle "GM"]
[BlackTitle "IM"]
[WhiteElo "2467"]
[BlackElo "2262"]
[WhiteFideId "8608059"]
[BlackFideId "400866"]
[EventDate "2024.03.15"]

1. e4 e5 2. Nf3 Nc6 3. Bc4 g6 4. d4 exd4 5. Nxd4 Bg7 6. Nxc6 bxc6 7. O-O Nh6 8.
Nc3 O-O 9. Bf4 d6 10. h3 Be6 11. Bb3 Kh8 12. Qe2 Qc8 13. Rad1 f6 14. Be3 a5 15.
Qd2 Ng8 16. f4 Ne7 17. Rde1 c5 18. f5 Bf7 19. Bxf7 Rxf7 20. Nd5 gxf5 21. Bh6
Bxh6 22. Qxh6 Nxd5 23. exd5 Qb7 24. Rxf5 Qxb2 25. Re6 Qxa2 26. Rexf6 Qa1+ 27.
Rf1 Rxf6 28. Qxf6+ Qxf6 29. Rxf6 a4 30. Rf1 Kg7 31. Ra1 Kf6 32. Kf2 Ke5 33. Ke3
Kxd5 34. Kd3 a3 35. c4+ Ke5 36. Ra2 Kf4 37. Kc3 Kg3 38. Kd3 Ra4 39. Kc3 h5 40.
Kb3 Ra8 0-1

[Event "Reykjavik Open 2024"]
[Site "Reykjavik ISL"]
[Date "2024.03.16"]
[Round "2.22"]
[White "Stefansson, Vignir Vatnar"]
[Black "Karamsetty, Jeevan"]
[Result "1-0"]
[WhiteTitle "GM"]
[BlackTitle "FM"]
[WhiteElo "2464"]
[BlackElo "2187"]
[WhiteFideId "2308649"]
[BlackFideId "2025337"]
[EventDate "2024.03.15"]

1. d4 d5 2. c4 e6 3. Nf3 c5 4. cxd5 exd5 5. g3 Nc6 6. Bg2 Nf6 7. O-O Be7 8. dxc5
Bxc5 9. Qc2 Bb6 10. Nc3 O-O 11. Bg5 d4 12. Ne4 Bf5 13. Nfd2 Rc8 14. Qd1 Re8 15.
Rc1 Qe7 16. Re1 Ba5 17. Nxf6+ gxf6 18. Bf4 Ne5 19. Qa4 Bb6 20. Qb5 Bd7 21. Qd5
Bc6 22. Qb3 Kg7 23. Bxc6 Nxc6 24. Qf3 Qe6 25. a3 Bc7 26. Rc5 Ne5 27. Bxe5 Bxe5
28. Rxc8 Rxc8 29. Qd3 Qc6 30. Nb3 Qc2 31. Rc1 Qxd3 32. exd3 Rd8 33. f4 Bd6 34.
Kg2 b6 35. Rc4 Re8 36. Kf2 b5 37. Rc6 Bb8 38. Nxd4 Rd8 39. Ke3 1-0

[Event "Reykjavik Open 2024"]
[Site "Reykjavik ISL"]
[Date "2024.03.16"]
[Round "2.23"]
[White "Seemann, Jakub"]
[Black "Larkin, Vladyslav"]
[Result "1-0"]
[WhiteTitle "IM"]
[BlackTitle "IM"]
[WhiteElo "2451"]
[BlackElo "2450"]
[WhiteFideId "21874697"]
[BlackFideId "14152894"]
[EventDate "2024.03.15"]

1. e4 d6 2. d4 Nf6 3. Nc3 e5 4. Nge2 c6 5. a4 a5 6. g3 Be7 7. Bg2 O-O 8. O-O Qc7
9. h3 Rd8 10. Be3 Nbd7 11. g4 Nf8 12. f4 exf4 13. Nxf4 h6 14. Qd2 N8h7 15. Nfe2
Rb8 16. Ng3 b5 17. axb5 cxb5 18. Nf5 b4 19. Ne2 Bf8 20. Neg3 Re8 21. Bf4 Bxf5
22. gxf5 Rbc8 23. Rac1 Qb6 24. Kh1 Nd7 25. Rce1 Rc4 26. c3 Qc7 27. Rf3 bxc3 28.
bxc3 Rc8 29. e5 Nb6 30. Ne4 dxe5 31. dxe5 Rd8 32. Rd3 Rxd3 33. Qxd3 Qc8 34. Be3
Na4 35. Bd4 Rc7 36. Nd6 Qd8 37. Nb5 Rc8 38. e6 fxe6 39. fxe6 Be7 40. Qg6 Qf8 41.
Rf1 Nf6 42. Bxf6 Bxf6 43. Be4 Qd8 44. Nd6 Rxc3 45. Rxf6 Rc1+ 46. Kg2 Qxf6 47.
Qe8+ 1-0

[Event "Reykjavik Open 2024"]
[Site "Reykjavik ISL"]
[Date "2024.03.16"]
[Round "2.25"]
[White "Hill, Alistair"]
[Black "Mammadzada, Gunay"]
[Result "0-1"]
[BlackTitle "IM"]
[WhiteElo "2187"]
[BlackElo "2449"]
[WhiteFideId "432407"]
[BlackFideId "13403729"]
[EventDate "2024.03.15"]

1. e4 c5 2. Nf3 d6 3. d4 cxd4 4. Nxd4 Nf6 5. Nc3 a6 6. Rg1 h5 7. Be3 e5 8. Nf3
Qc7 9. Qd2 Be7 10. O-O-O b5 11. Ng5 Bb7 12. Kb1 Nbd7 13. f3 Nb6 14. Qf2 Nc4 15.
Bxc4 Qxc4 16. Rd3 a5 17. Bc1 b4 18. Nd1 Nd7 19. Nh3 Nc5 20. Rd2 g6 21. Ne3 Qb5
22. Nd5 Bd8 23. Rgd1 Rc8 24. Qe2 Qxe2 25. Rxe2 Ba6 26. Ree1 f6 27. Be3 Kf7 28.
Nf2 Ke6 29. Nd3 Nd7 30. Nc1 Rb8 31. Rd2 Bb7 32. Red1 Bxd5 33. Rxd5 Bc7 34. Nb3
Ra8 35. Nd2 Ra6 36. Nc4 Rb8 37. Bd2 a4 38. b3 f5 39. Nb2 axb3 40. cxb3 fxe4 41.
fxe4 Nf6 42. Rc1 Nxd5 43. exd5+ Kd7 44. Rf1 Ra5 45. Rf7+ Kc8 46. Be3 Rxd5 47.
Nc4 Rd3 48. Ba7 Rb7 0-1

[Event "Reykjavik Open 2024"]
[Site "Reykjavik ISL"]
[Date "2024.03.16"]
[Round "2.26"]
[White "Chasin, Nico"]
[Black "Mardell, Jimmy"]
[Result "1-0"]
[WhiteTitle "IM"]
[WhiteElo "2447"]
[BlackElo "2172"]
[WhiteFideId "30908477"]
[BlackFideId "1705610"]
[EventDate "2024.03.15"]

1. d4 d5 2. c4 c6 3. Nf3 Nf6 4. e3 Bf5 5. Nc3 e6 6. Nh4 Be4 7. f3 Bg6 8. Qb3 Qc7
9. Bd2 a5 10. cxd5 Nxd5 11. Rc1 Be7 12. Nxg6 hxg6 13. Nxd5 exd5 14. f4 Bh4+ 15.
Kd1 Qe7 16. Bd3 O-O 17. g3 Bf6 18. h4 Na6 19. a3 c5 20. Bxa6 Qe4 21. Rf1 bxa6
22. Rxc5 Rfd8 23. Rf2 Rab8 24. Qc2 Qh1+ 25. Be1 Re8 26. Qd3 a4 27. Rc3 Re4 28.
Qf1 Qxf1 29. Rxf1 Rxb2 30. Bd2 Be7 31. Ke2 Re6 32. Rfc1 Rb8 33. Rc8+ Rxc8 34.
Rxc8+ Kh7 35. Bc1 Rb6 36. Rc7 Bd6 37. Rxf7 Rb3 38. Rd7 Bxa3 39. Bxa3 Rxa3 40.
Rxd5 Ra2+ 41. Kf3 a3 42. Ra5 Ra1 43. Rxa6 a2 44. Kg4 Re1 45. Rxa2 Rxe3 46. Rd2
Kg8 47. d5 1-0

[Event "Reykjavik Open 2024"]
[Site "Reykjavik ISL"]
[Date "2024.03.16"]
[Round "2.27"]
[White "Mannion, Stephen R"]
[Black "Nevednichy, Vladislav"]
[Result "0-1"]
[WhiteTitle "IM"]
[BlackTitle "GM"]
[WhiteElo "2166"]
[BlackElo "2445"]
[WhiteFideId "2400111"]
[BlackFideId "1205730"]
[EventDate "2024.03.15"]

1. e4 c5 2. Nf3 d6 3. d4 cxd4 4. Nxd4 Nf6 5. Nc3 Nc6 6. Bg5 e6 7. Qd2 a6 8.
O-O-O Bd7 9. Kb1 Nxd4 10. Qxd4 Be7 11. f3 Qc7 12. Qd2 b5 13. g4 h5 14. gxh5 Nxh5
15. h4 f6 16. Be3 Ng3 17. Rg1 Nxf1 18. Rdxf1 Bf8 19. Bf2 a5 20. Ne2 Kf7 21. Nf4
Rh6 22. h5 Rc8 23. Rc1 a4 24. Be3 a3 25. b3 Qc3 26. Qxc3 Rxc3 27. Rce1 Rh7 28.
Rh1 d5 29. exd5 e5 30. Nd3 Bf5 31. Bd2 Rc8 32. Rh4 Bd6 33. Bb4 Bxd3 34. Bxd6
Bxc2+ 35. Ka1 Rd8 36. Bxa3 Rxd5 37. Rc1 Bf5 38. Bb4 Bd7 39. Kb2 Ke6 40. Rch1 Bc6
41. Kc3 Rd8 42. R1h3 Rdh8 43. f4 exf4 44. Rxf4 Rxh5 45. Rd3 Rh3 46. Rd4 Rxd3+
47. Rxd3 Be4 48. Rd6+ Ke5 49. Rb6 Rc8+ 50. Kb2 Bc6 51. Ra6 g5 52. a4 f5 53. axb5
Bxb5 54. Rg6 g4 55. Bc3+ Ke4 56. b4 Kf3 57. Bd4 f4 58. Rg5 Rc4 59. Rxb5 Rxd4 60.
Kc3 Rd1 0-1

[Event "Reykjavik Open 2024"]
[Site "Reykjavik ISL"]
[Date "2024.03.16"]
[Round "2.28"]
[White "Injac, Teodora"]
[Black "Morin, Yves"]
[Result "1-0"]
[WhiteTitle "IM"]
[WhiteElo "2434"]
[BlackElo "2166"]
[WhiteFideId "932400"]
[BlackFideId "2600900"]
[EventDate "2024.03.15"]

1. Nf3 d6 2. d4 Bg4 3. c4 Bxf3 4. exf3 g6 5. h4 Nf6 6. Nc3 Bg7 7. g4 Nc6 8. d5
Ne5 9. h5 Rf8 10. Be2 c6 11. f4 Ned7 12. hxg6 hxg6 13. g5 Ng8 14. Be3 Bxc3+ 15.
bxc3 c5 16. f5 gxf5 17. Rb1 Qc7 18. Qc2 O-O-O 19. Qxf5 Kb8 20. Rh7 Ne5 21. f4
Qd7 22. Qxd7 Nxd7 23. Kd2 Kc7 24. Rbh1 a6 25. Bd3 Rb8 26. a4 Kb6 27. Rg7 Ka5 28.
Kc2 Nb6 29. Rhh7 f6 30. g6 1-0

[Event "Reykjavik Open 2024"]
[Site "Reykjavik ISL"]
[Date "2024.03.16"]
[Round "2.29"]
[White "Haldorsen, Benjamin"]
[Black "Ornolfsson, Magnus P."]
[Result "1-0"]
[WhiteTitle "IM"]
[WhiteElo "2426"]
[BlackElo "2163"]
[WhiteFideId "1512633"]
[BlackFideId "2301016"]
[EventDate "2024.03.15"]

1. e4 e5 2. Nf3 Nc6 3. Bb5 a6 4. Ba4 Nf6 5. d3 b5 6. Bb3 Bc5 7. Bg5 h6 8. Bh4 d6
9. c3 O-O 10. O-O g5 11. Bg3 Bg4 12. h3 Bh5 13. Nbd2 Qd7 14. Re1 Rfe8 15. Nf1
Bb6 16. Ne3 Bg6 17. a4 Rab8 18. axb5 axb5 19. h4 g4 20. Nh2 h5 21. Kh1 Bxe3 22.
fxe3 Kg7 23. Nf1 Ra8 24. Nd2 Rxa1 25. Qxa1 d5 26. exd5 Nxd5 27. e4 Nf4 28. d4
Nd3 29. Re3 Nc5 30. d5 Nxb3 31. Nxb3 Nb8 32. Nc5 Qd6 33. b4 Nd7 34. Nxd7 Qxd7
35. c4 bxc4 36. Bxe5+ Kh7 37. Qd4 Qe7 38. Bf6 Qxb4 39. e5 Ra8 40. d6 g3 41. Rxg3
c5 42. Qe3 Ra1+ 43. Kh2 Qb1 44. Rxg6 Qh1+ 45. Kg3 fxg6 46. d7 Ra2 47. Qf3 Qe1+
48. Kh2 Rd2 49. d8=Q Rxd8 50. Qb7+ 1-0

[Event "Reykjavik Open 2024"]
[Site "Reykjavik ISL"]
[Date "2024.03.16"]
[Round "2.31"]
[White "Mai, Alexander Oliver"]
[Black "Katz, Alexander"]
[Result "0-1"]
[BlackTitle "IM"]
[WhiteElo "2160"]
[BlackElo "2418"]
[WhiteFideId "2313391"]
[BlackFideId "2039796"]
[EventDate "2024.03.15"]

1. e4 Nc6 2. Nf3 d6 3. d4 Nf6 4. Nc3 g6 5. d5 Nb8 6. Be3 Bg7 7. Qd2 O-O 8. Bh6
c6 9. h3 a6 10. O-O-O b5 11. Bxg7 Kxg7 12. dxc6 Nxc6 13. e5 dxe5 14. Qxd8 Rxd8
15. Rxd8 Nxd8 16. Nxe5 Bb7 17. Rg1 Ne6 18. g3 Rc8 19. a3 Nd4 20. Bg2 Bxg2 21.
Rxg2 a5 22. f4 b4 23. axb4 axb4 24. Nb1 Nd5 25. Rf2 Ne3 26. Kd2 Ndxc2 27. Re2
Nf1+ 28. Kd3 b3 29. Nd2 Nxg3 30. Rg2 Ne1+ 0-1

[Event "Reykjavik Open 2024"]
[Site "Reykjavik ISL"]
[Date "2024.03.16"]
[Round "2.32"]
[White "Garifullina, Leya"]
[Black "Pujari, Rucha"]
[Result "1-0"]
[WhiteTitle "IM"]
[BlackTitle "WIM"]
[WhiteElo "2413"]
[BlackElo "2147"]
[WhiteFideId "34127035"]
[BlackFideId "5024528"]
[EventDate "2024.03.15"]

1. e4 e5 2. Nf3 Nc6 3. Bb5 a6 4. Ba4 Nf6 5. O-O Be7 6. Re1 b5 7. Bb3 d6 8. c3
O-O 9. h3 Nb8 10. d4 Nbd7 11. Nbd2 Bb7 12. Bc2 Re8 13. Nf1 Bf8 14. Ng3 g6 15. a4
c5 16. d5 c4 17. Be3 Qc7 18. Nh2 h5 19. Nf3 Nc5 20. Qd2 Rab8 21. Ra3 bxa4 22.
Bxc5 Qxc5 23. Bxa4 Red8 24. Rea1 Be7 25. Qe2 Rdc8 26. R1a2 Bd8 27. Nf1 h4 28.
N3d2 Nh5 29. Ne3 Nf4 30. Qxc4 Qa7 31. Qf1 a5 32. Bb5 Ba8 33. Ba6 Rc5 34. Nb3 Bb6
35. Nxc5 Bxc5 36. Rxa5 Bxe3 37. Bc4 Bxf2+ 38. Qxf2 Qb7 39. Rb5 Qc8 40. Rxb8 Qxb8
41. Qa7 1-0

[Event "Reykjavik Open 2024"]
[Site "Reykjavik ISL"]
[Date "2024.03.16"]
[Round "2.33"]
[White "Duong, Thanh Nha"]
[Black "Jin, Yueheng"]
[Result "0-1"]
[WhiteTitle "IM"]
[WhiteElo "2144"]
[BlackElo "2404"]
[WhiteFideId "2601079"]
[BlackFideId "8616868"]
[EventDate "2024.03.15"]

1. Nf3 Nf6 2. c4 e6 3. Nc3 d5 4. d4 Be7 5. Bg5 h6 6. Bh4 dxc4 7. e3 c5 8. dxc5
Qxd1+ 9. Rxd1 Nbd7 10. Bxc4 Nxc5 11. Ne5 a6 12. a3 b5 13. Ba2 Bb7 14. f3 Rc8 15.
Bf2 Ncd7 16. Nxd7 Nxd7 17. Rc1 Bf6 18. Ke2 Nb6 19. Rc2 Na4 20. Rhc1 Nxb2 21. Ne4
Rxc2+ 22. Rxc2 Bxe4 23. Rc8+ Bd8 24. fxe4 Na4 25. Be1 Kd7 26. Ra8 Kc6 27. Ba5
Bxa5 28. Rxh8 Nc3+ 29. Kd3 Nxa2 30. Rf8 Bc3 31. Rxf7 Bf6 32. Ra7 Kb6 33. Rd7 b4
34. axb4 Nxb4+ 35. Ke2 Nc6 36. Rd6 Kc7 37. e5 Bxe5 38. Rxe6 Bxh2 39. Re4 Kb6 40.
Kd3 Kb5 41. Rh4 Be5 42. Rh1 a5 43. Ke4 Bf6 44. Kd5 a4 45. e4 a3 46. Rc1 Nb4+ 47.
Kd6 a2 48. Rc5+ Kb6 0-1

[Event "Reykjavik Open 2024"]
[Site "Reykjavik ISL"]
[Date "2024.03.16"]
[Round "2.34"]
[White "Thorfinnsson, Bragi"]
[Black "Bergsson, Stefan"]
[Result "1-0"]
[WhiteTitle "GM"]
[WhiteElo "2397"]
[BlackElo "2144"]
[WhiteFideId "2300958"]
[BlackFideId "2301393"]
[EventDate "2024.03.15"]

1. d4 Nf6 2. c4 g6 3. Nc3 Bg7 4. e4 d6 5. Be2 O-O 6. h4 c5 7. d5 h5 8. Nf3 Bg4
9. O-O Nbd7 10. Bg5 a6 11. a4 Qb6 12. Ra3 e6 13. Rb3 Qc7 14. dxe6 fxe6 15. Qd2
Bxf3 16. Bxf3 Ne5 17. Be2 Nc6 18. Be3 Ng4 19. Bxg4 hxg4 20. Qe2 g3 21. fxg3
Rxf1+ 22. Qxf1 Rf8 23. Qe2 Bd4 24. Nd1 d5 25. Kh2 Na5 26. Rd3 dxe4 27. Rxd4 cxd4
28. Bxd4 Nc6 29. Bc3 Qf7 30. Qxe4 Qf5 31. Qe3 e5 32. b4 Rd8 33. Nf2 Nd4 34. Ne4
Nc2 35. Qb6 Rf8 36. Ng5 Nd4 37. Qxb7 Rc8 38. c5 Ne2 39. Qd5+ Kf8 40. Bxe5 Re8
41. Bd6+ Kg7 42. Qb7+ 1-0

[Event "Reykjavik Open 2024"]
[Site "Reykjavik ISL"]
[Date "2024.03.16"]
[Round "2.35"]
[White "Manucharyan, Andriy"]
[Black "Tania, Sachdev"]
[Result "0-1"]
[BlackTitle "IM"]
[WhiteElo "2080"]
[BlackElo "2393"]
[WhiteFideId "16260910"]
[BlackFideId "5007844"]
[EventDate "2024.03.15"]

1. d4 Nf6 2. c4 e6 3. g3 d5 4. Nf3 Bb4+ 5. Bd2 a5 6. Bg2 O-O 7. O-O dxc4 8. Ne5
Qxd4 9. Bxb4 Qxd1 10. Rxd1 axb4 11. Nxc4 Nbd7 12. Nbd2 Ra7 13. Nb3 c5 14. Nd6 b6
15. Nb5 Ra4 16. Nc7 Ne5 17. Nc1 Ra7 18. Nb5 Rd7 19. Rxd7 Bxd7 20. Nd6 Ne8 21.
Ne4 Nc4 22. Nd3 Bb5 23. a4 bxa3 24. bxa3 Ned6 25. a4 Nxe4 26. Bxe4 Bd7 27. a5
Nd2 28. Bb7 Nb3 29. Ra3 Nxa5 30. Nxc5 Nc4 31. Rc3 bxc5 32. Rxc4 Rb8 33. Bf3 Rc8
34. Kf1 Kf8 35. Ke1 Ke7 36. Kd2 Kd6 37. Rc2 Rb8 38. Kc3 Bc6 39. Rd2+ Kc7 40.
Bxc6 Kxc6 41. Ra2 h5 42. e3 g5 43. h3 Rb1 44. Ra7 Rb7 45. Ra4 f5 46. h4 g4 47.
e4 Kb5 48. Kb3 Rd7 49. exf5 exf5 50. Ra8 Rd3+ 51. Kc2 Rf3 52. Rh8 Rxf2+ 53. Kd1
Kc4 54. Rxh5 Kd3 55. Ke1 Rf3 56. Rh8 Rxg3 57. Rf8 Ke3 58. Re8+ Kf4 59. Rc8 Rc3 0-1

[Event "Reykjavik Open 2024"]
[Site "Reykjavik ISL"]
[Date "2024.03.16"]
[Round "2.36"]
[White "Lu, Miaoyi"]
[Black "Baldursson, Rani"]
[Result "1-0"]
[WhiteTitle "WGM"]
[WhiteElo "2392"]
[BlackElo "1989"]
[WhiteFideId "8618020"]
[BlackFideId "7200668"]
[EventDate "2024.03.15"]

1. e4 c5 2. Nf3 g6 3. c3 d5 4. exd5 Qxd5 5. d4 Nc6 6. Be3 cxd4 7. cxd4 Bg7 8.
Nc3 Qa5 9. d5 Nb8 10. Rc1 Bd7 11. Qb3 b5 12. Bd2 Qb6 13. Nxb5 Na6 14. Bf4 Qa5+
15. Bd2 Qb6 16. Qa4 Rb8 17. Qxa6 Bxb5 18. Rc8+ Kd7 19. Rxb8 Bxa6 20. Rxb6 Bxf1
21. Rb3 Bxg2 22. Rg1 Bxf3 23. Rxf3 Bxb2 24. Rb3 Be5 25. Rb7+ Kd6 26. Rg5 f5 27.
f4 Bd4 28. Rg3 Nf6 29. Rd3 Bc5 30. Bc3 Bg1 31. Be5+ Kc5 32. Rc7+ Kb6 33. Rxe7
Rf8 34. Re6+ 1-0

[Event "Reykjavik Open 2024"]
[Site "Reykjavik ISL"]
[Date "2024.03.16"]
[Round "2.37"]
[White "Shivika, Rohilla"]
[Black "Thorhallsson, Throstur"]
[Result "0-1"]
[WhiteTitle "WFM"]
[BlackTitle "GM"]
[WhiteElo "2003"]
[BlackElo "2388"]
[WhiteFideId "45015414"]
[BlackFideId "2300109"]
[EventDate "2024.03.15"]

1. Nf3 d5 2. c4 dxc4 3. Qa4+ Nd7 4. Qxc4 e6 5. g3 a6 6. Qc2 b5 7. Bg2 Bb7 8. O-O
Ngf6 9. a4 c5 10. Nc3 Qb6 11. d3 Be7 12. Qb3 b4 13. a5 Qd8 14. Nb1 O-O 15. Nbd2
Rc8 16. Nc4 Bc6 17. Qc2 Qc7 18. Bf4 Qa7 19. Rfe1 Nd5 20. Bd6 Bxd6 21. Nxd6 Rb8
22. e4 Ne7 23. b3 Qc7 24. Nc4 Nc8 25. Qd2 Bb5 26. e5 Bc6 27. Qf4 Ne7 28. Qg5 Ng6
29. Nh4 Bxg2 30. Kxg2 Ngxe5 31. Nxe5 f6 32. Qg4 Nxe5 33. Qxe6+ Qf7 34. Qxa6 Qxb3
35. Qd6 Rbd8 36. Qc7 Qd5+ 37. Kg1 g5 38. f4 Rd7 39. Qb6 Nxd3 0-1

[Event "Reykjavik Open 2024"]
[Site "Reykjavik ISL"]
[Date "2024.03.16"]
[Round "2.38"]
[White "Botez, Alexandra"]
[Black "Sidhant, Mohapatra"]
[Result "0-1"]
[WhiteTitle "WFM"]
[BlackTitle "IM"]
[WhiteElo "1986"]
[BlackElo "2379"]
[WhiteFideId "2603365"]
[BlackFideId "5028698"]
[EventDate "2024.03.15"]

1. d4 Nf6 2. c4 e6 3. Nc3 Bb4 4. e3 O-O 5. Bd3 d5 6. Nf3 c5 7. O-O cxd4 8. exd4
dxc4 9. Bxc4 b6 10. Ne5 Bb7 11. Bg5 h6 12. Bh4 Be7 13. Re1 Nc6 14. Nf3 Rc8 15.
Bb3 Na5 16. d5 Nxb3 17. axb3 Nxd5 18. Bxe7 Nxe7 19. Rxa7 Qxd1 20. Rxd1 Bxf3 21.
gxf3 Nc6 22. Rb7 Rb8 23. Rxb8 Rxb8 24. Na4 b5 25. Nc5 Rc8 26. Kg2 Nb4 27. Ne4
Nd5 28. Rd2 f5 29. Nc3 Nf4+ 30. Kg3 g5 31. Ne2 Ng6 32. f4 Kf7 33. fxg5 hxg5 34.
f3 b4 35. Kf2 Rh8 36. Kg2 Rc8 37. Kf2 Kf6 38. Kg2 Rc6 39. Kf2 e5 40. Ke3 Ke6 41.
Rd8 Rc2 42. Rd2 Rc8 43. Kf2 Ne7 44. Kg3 Nd5 45. h3 Ne3 46. Kf2 f4 47. Ng3 fxg3+
48. Kxe3 Rh8 49. Rg2 Rxh3 50. Ke4 Kf6 51. Rg1 Rh4+ 52. Ke3 Rh2 53. Rxg3 Rxb2 54.
Ke4 Rxb3 55. Rg1 Rc3 56. Ra1 Rc4+ 57. Kd3 Rf4 58. Ke3 Rc4 59. Kd3 Rd4+ 60. Ke3
Rd6 61. Ke4 b3 62. Rb1 Rb6 63. Rb2 Ke6 64. Kd3 Kf5 65. Ke3 Rb8 66. Ke2 Kf4 67.
Kf2 Rb7 68. Kg2 e4 69. fxe4 Kxe4 70. Kg3 Kd3 71. Kg4 Kc3 0-1